| 000 | 00917nam a22002177a 4500 | ||
|---|---|---|---|
| 999 |
_c19395 _d19395 |
||
| 003 | AR-CdUCM | ||
| 008 | 190517b ||||| |||| 00| 0 spa d | ||
| 040 |
_aMUNICIPALIDAD PROVINCIAL DEL CUSCO _cBIBLIOTECA MUNICIPAL DEL CUSCO |
||
| 082 |
_a982.021 / _bK77 |
||
| 100 |
_aKossok, Manfred _929784 |
||
| 245 | _aEl virreynato del rio de la plata / | ||
| 260 |
_aBuenos Aires : _bFuturo, _c1959. |
||
| 300 |
_a147 paginas ; _bIlustraciones, graficos, dibujos, _c21 cm. |
||
| 505 | _aContenido: Colonización española -- Nuevos aspectos de politica colonial española en el siglo XVIII -- Causas de la creación del virreynato -- Rivalidad comercial entre Buenos Aires y Lima -- Antagonismo entre la ganaderia y la agricla... | ||
| 650 |
_aVirreynato _9428 |
||
| 650 |
_aLiteratura _983 |
||
| 650 |
_aHistoria _9136 |
||
| 700 |
_aCoco Ferraris, José María _92935 |
||
| 942 |
_2ddc _cLIBROS |
||
| 945 |
_apjha _d2019-05-17 |
||